1491 1935 1066 1841 1409 1622 1000 1364 1152 1948 1436 1555 1189 1255 1937 1970 1144 1701 1661 1301 1956 1573 1492 1279 1174 1097 1556 1770 1777 1581 1057 1141 1454 1413 1382 1184 1636 1294 1694 1774 1800 1479 1522 1099 1274 1011 1230 1533 1995 1799 1659 1715 1741 1424 1582 1302 1068 1736 1030 1890 1516 1637 1054 1431 1115 1426 1213 1070 1150 1388 1692 1112 1472 1350 1684 1808 1140 1947 1615 1243 1607 1505 1810 1774 1068 1692 1854 1520 1653 1829 1108 1537 1082 1443 1861 1427 1354 1287 1507 BCNSPRNW ULIB Ver.6.0+V

เปลี่ยนเป็นภาษาไทย

Change to English
 แสดงรายละเอียดบรรณานุกรม
  กลับหน้าหลัก

Brief Record : Get Marc (ISO 2709) : E-mail record : QR code < ปิดหน้าต่าง
LEADER : 00000nam 2200000uu 4500
001    13399120048
003     ULIB
008    120824s2546||||th 000 0 tha d
020    ^a9749125843
099    ^aนว.^bน418ร
100    ^aนันทนา วีระชน
245    ^aรักนี้หัวใจเราจอง/^cนันทนา วีระชน
260    ^aกรุงเทพฯ :^bสถาพรบุุ๊ค,^c2546
300    ^a488 หน้า
945    ^p250^l0^i020192
999    ^aใช้งานได้ทุกระบบ
รายการนี้ยังไม่มีแท็ก
คุณยังไม่ได้ล็อกอิน คุณสามารถมีกิจกรรมร่วมกับเว็บไซต์ได้ แต่ต้องล็อกอินก่อน ::
  ล็อกอิน

รายการสื่อสารสนเทศ

ลำดับที่ ประเภท เลขเรียก/บาร์โค้ด สถานที่ สถานะ
- ไม่พบข้อมูล -

รายการใกล้เคียง
    ผู้แต่ง [นันทนา วีระชน]

BibComment


ยังไม่เคยถูกคอมเมนท์

คอมเมนท์ทรัพยากรรายการนี้
  คอมเมนท์: รักนี้หัวใจเราจอ..


 Copyright 2026. Bcnsprnw @Library